Préfixes utilisé dans le milieu médical - Statistiques

Statistiques générales
  • Ce quiz a été pris 380 fois
  • Le résultat moyen est 9 sur 15
Statistiques - réponses
Hint Réponse % Correct
Bucc(o) bouche
93%
Pré Avant
90%
Post Aprés
89%
Poly Plusieurs
87%
Hyper Fort
81%
Hypo Faible
78%
Aer(o) Air
67%
Brady Lent
66%
Tachy Rapide
65%
A/ An Absence
47%
Péri Autour de
43%
Cut/ Cuti Peau
43%
Entér(o) intestin
35%
Dys Anomalie
6%
Dia à travers
5%
Aucun quiz correspondant
Distribution des résultats
% des personnes avec chaque résultat
Percentile par nombre de réponses
Votre historique - résultats
Vous n’avez pas pris ce quiz